000 00386nam a2200157Ia 4500
008 151213s9999 xx 000 0 und d
020 _a8220 - 0283 - 3
100 _aJames & Lowers
245 _aVoltaire Condescending
_cJames & Lowers
260 _aUSA
_bC, Y. Hillegass
_c1965
300 _a4521 p.
650 _aEnglish
650 _aII
700 _aJames & Lowers
999 _c2896
_d2896